000 00637nam a22002417a 4500
001 657
003 BD-RjUL
005 20211208233220.0
008 131123s1966 euk 001 0 eng d
035 _a(BD-RjUL)677
040 _aBD-RjUL
_beng
_cBD-RjUL
_dBD-RjUL
041 _aeng
082 0 4 _223
_a016.7
_bDOF 1966
100 1 _aDove, Jack
_91983
245 1 _aFine arts /
_cJack Dove
260 _aLondon :
_bBingley ,
_cc1966.
300 _a88 p. ;
_c22 cm.
490 _aThe Readers guide series
504 _aIncludes indexs.
650 0 _aArt
_vBibliography
_91984
830 _aThe Readers guide series
_9169180
942 _2ddc
_cREF
999 _c657
_d657